Jugadores con más partidos en la historia de la liga - Estadísticas

Estadísticas generales
  • Esta prueba ha sido intentada 152 veces
  • La puntuación promedio es 7 de 20
Estadísticas de respuestas
Número de partidos Jugador % Correcto
520* Lionel Messi
92%
510 Iker Casillas
81%
505 Xavi Hernández
80%
536* Sergio Ramos
73%
622 Andoni Zubizarreta
62%
622 Joaquín Sánchez
62%
481 Sergi Busquets
58%
497 Fernando Hierro
30%
515* Antoine Griezmann
29%
550 Raúl González
28%
609 Raúl García
26%
516* Jesús Navas
21%
510* Dani Parejo
16%
523 Manolo Sanchís
16%
542 Paco Buyo
15%
543 Eusebio Sacristán
3%
504 Miquel Soler
2%
479 Joaquín Alonso
1%
483 José María Barquero
1%
481 Loren Juarros
1%
No se encontraron pruebas coincidentes
Distribución de puntuación
Porcentaje de gente con cada puntuación
Porcentaje por número respondido
Historial de tus puntuaciones
No has intentado esta prueba.